Alan Jackson Albums - Statistics

General Stats
  • This quiz has been taken 15 times
  • The average score is 17 of 21
Answer Stats
Year Album % Correct
1992 A Lot About Livin' (And a Little 'Bout Love)
100%
1991 Don't Rock the Jukebox
100%
1990 Here in the Real World
100%
2002 Drive
92%
2010 Freight Train
92%
2008 Good Time
92%
1994 Who I Am
92%
2006 Like Red on a Rose
85%
2015 Angels and Alcohol
77%
1996 Everything I Love
77%
2005 Precious Memories
77%
2013 The Bluegrass Album
77%
1999 Under the Influence
77%
2021 Where Have You Gone
77%
1998 High Mileage
69%
1993 Honky Tonk Christmas
69%
2002 Let it Be Christmas
69%
2004 What I Do
69%
2000 When Somebody Loves You
69%
2013 Precious Memories: Vol. II
62%
2012 Thirty Miles West
62%
No matching quizzes found
Score Distribution
Percent of People with Each Score
Percentile by Number Answered
Your Score History
You have not taken this quiz